Top 20 Most Viewed Events in History - Statistics

General Stats
  • This quiz has been taken 104 times
  • The average score is 12 of 20
Answer Stats
Order Hint Answer % Correct
7 World Soccer Event 2022 FIFA World Cup Final
92%
1 Royal Funeral State Funeral of Elizabeth II
91%
3 Royal Funeral Funeral of Princess Diana
84%
16 Final for the same sport above Super Bowl LVII
80%
13 Presidential Funeral State Funeral of John F. Kennedy
76%
4 Celebrity Funeral Funeral of Michael Jackson
64%
11 Sport Final (Popular in India) 2011 Cricket World Cup Final
62%
15 Infamous American Football Players Trial The O.J. Simpson Verdict
62%
20 The Controversial President Debates with a Tragically Assassinated President First Debate of Richard Nixon and John F. Kennedy
59%
18 Famous Film Producer's First Theme Park Grand Opening of Disneyland
59%
10 Great American Accomplishment The Moon Landing
59%
14 Royal Wedding Wedding of Prince William and Catherine Middleton
59%
6 Live Concert Live Aid
55%
19 English Rock Band Appears on American Variety Show The Beatles on Ed Sullivan
54%
2 Worldwide Sporting Event 1996 Summer Olympics Opening Ceremony
53%
17 Controversial President's Final Speech Richard Nixon's Resignation Speech
49%
5 Boxing Leon Spinks vs Muhammed Ali II
42%
12 Concert at an Infamous Border The Wall Live in Berlin
28%
9 Celebration Broadcast CCTV New Years Gala 2018
23%
8 Rock n Roll Concert Elvis Presley's Concert in Hawaii
16%
No matching quizzes found
Score Distribution
Percent of People with Each Score
Percentile by Number Answered
Your Score History
You have not taken this quiz